Quelle est cette musique(rap fr) - Statistiques

Statistiques générales
  • Ce quiz a été pris 1 286 fois
  • Le résultat moyen est 3 sur 15
Statistiques - réponses
Paroles Musique % Correct
Le terrain c'est 11h30, pas midi, enculé, t'as raté des clients Macaroni
58%
Ils ont grave le seum, posé j'bois mon Capri-Sun Cabeza
53%
Etre un homme ca prend du temps comme commander un verre en boîte On verra
42%
Un bon ennemi, c'est un ennemi dead Raspoutine
41%
Tu prends l'seum sans m'en parler, en vrai t'es un fan tu veux faire le fou Un peu de haine
36%
Fuck le RER, là, j'en ai trop marre, y'a des gens qui puent partout et ça, ça me rend fou Hé Oh
29%
J'fume la frappe, j'fume la Sneijder, quand j'écris, tête en feu comme Ghost Rider, pas d'topline, pas d'ghostwriter Mannschaft
17%
Emprisonnés, des rêves qui brisent plus d'une chaîne Deux frères
16%
Deux semaines chrono, il connaît le délai, sinon, on viendra le chercher pour salir Maman ne le sait pas
16%
J'ai dit:"Mettre un enfant noir au monde est un délit" R9R-LINE
8%
Si j'suis mauvais c'est parce que j'veux qu'tu souffres autant qu'j'ai souffert Wow
8%
J'empilais la somme, même ma mère sait qu'j'fais des bêtises A la fête
7%
La musique c'est bon pour moi, Maman, faut plus que tu t'inquiètes, des rentrées de sous régulières, Papa faut plus que tu t'inquiètes Enfant Compliqué
7%
J'suis parano quand on me fixe, j'me fais des films comme dans Netflix Superstar
6%
Vivons comme Bonnie and Clyde, avant qu'la mort nous sépare Fleurs
5%
Aucun quiz correspondant
Distribution des résultats
% des personnes avec chaque résultat
Percentile par nombre de réponses
Votre historique - résultats
Vous n’avez pas pris ce quiz